000 00389nam a2200145Ia 4500
008 151213s9999 xx 000 0 und d
100 _aG.Mauger
245 _aCours de Language de Civilization Francaises
_cG.Mauger
260 _aParis
_bLibrairi Hachette
_c1965
300 _a8500 p.
650 _aEnglish Literature
650 _aEnglish Literature
700 _aG.Mauger
999 _c4337
_d4337